| 000 | 00578nam a2200169 i 4500 | ||
|---|---|---|---|
| 001 | 49179 | ||
| 003 | ES-MaACL | ||
| 005 | 20230906161912.0 | ||
| 007 | t| | ||
| 008 | 030710s1974 sp ||||1| spa d | ||
| 100 | 1 |
_aCortada Reus, Francisco. _940810 |
|
| 245 | 1 | 3 |
_aEl principio de polaridad disimétrica _b: ; El idealismo dialéctico sobre bases científicas / _cFrancisco Cortada Reus. |
| 260 |
_aBarcelona : _bMiguel Arimany, _c[1974] |
||
| 300 |
_a265 p. ; _c23 cm. |
||
| 740 | 3 | _aEl idealismo dialéctico sobre bases científicas. | |
| 852 |
_aES-MaACL _jC-56490 _bR.89318 |
||
| 999 |
_c49179 _d49179 |
||